| 000 | 00572nam a2200193 a 4500 | ||
|---|---|---|---|
| 005 | 20251127155106.0 | ||
| 008 | 010723s1994 ea r 000 0 eng d | ||
| 020 | _a0335191355 | ||
| 035 | _aUPN01000109964 | ||
| 049 | _aCG | ||
| 050 | 4 |
_aLC1059 _bG6.7 |
|
| 245 | 0 | 0 |
_aGovernments and professional education / _ced. by Tony Becher. |
| 260 |
_aEUA : _bSRHE, _c1994. |
||
| 300 | _a190 p. | ||
| 650 | 4 |
_aFORMACION PROFESIONAL - _vESTUDIOS INTERCULTURALES |
|
| 650 | 4 |
_aEducación y Estado _vEstudios interculturales _919899 |
|
| 700 | 1 |
_aBecher, Tony, _eed. |
|
| 905 | _aLibro | ||
| 999 |
_c83873 _d83873 |
||